<?xml version="1.0" encoding="UTF-8"?>
<record
    xmlns:xsi="http://www.w3.org/2001/XMLSchema-instance"
    xsi:schemaLocation="http://www.loc.gov/MARC21/slim http://www.loc.gov/standards/marcxml/schema/MARC21slim.xsd"
    xmlns="http://www.loc.gov/MARC21/slim">

  <leader>00703nam a22001577a 4500</leader>
  <controlfield tag="008">111004t        xxu||||| |||| 00| 0 eng d</controlfield>
  <datafield tag="020" ind1=" " ind2=" ">
    <subfield code="a">1588261158 9781588261151</subfield>
  </datafield>
  <datafield tag="050" ind1=" " ind2=" ">
    <subfield code="a">DT1975.V35</subfield>
  </datafield>
  <datafield tag="100" ind1=" " ind2=" ">
    <subfield code="a"> Vale ,Peter C.</subfield>
  </datafield>
  <datafield tag="245" ind1=" " ind2=" ">
    <subfield code="a">Security and politics in South Africa the regional dimension</subfield>
    <subfield code="c">Peter, Vale</subfield>
  </datafield>
  <datafield tag="260" ind1=" " ind2=" ">
    <subfield code="a">Boulder,</subfield>
    <subfield code="b">Rienner:</subfield>
    <subfield code="c"> 2003.</subfield>
  </datafield>
  <datafield tag="300" ind1=" " ind2=" ">
    <subfield code="a">viii, 251p.</subfield>
    <subfield code="b">ills.</subfield>
    <subfield code="c">23.5cm</subfield>
  </datafield>
  <datafield tag="505" ind1=" " ind2=" ">
    <subfield code="a">Contents / New beginning -- The South African moment -- Making South African moment -- Making South Africa's security -- Writing migration as neoapartheid -- Ordering Southern Africa -- Continuity and community -- Primus inter pares.</subfield>
  </datafield>
  <datafield tag="650" ind1=" " ind2=" ">
    <subfield code="a">Sicherheitspolitik. </subfield>
    <subfield code="x">Politik. </subfield>
  </datafield>
  <datafield tag="942" ind1=" " ind2=" ">
    <subfield code="2">lcc</subfield>
    <subfield code="c">BK</subfield>
  </datafield>
  <datafield tag="999" ind1=" " ind2=" ">
    <subfield code="c">151</subfield>
    <subfield code="d">7651</subfield>
  </datafield>
  <datafield tag="952" ind1=" " ind2=" ">
    <subfield code="0">0</subfield>
    <subfield code="1">0</subfield>
    <subfield code="2">lcc</subfield>
    <subfield code="4">0</subfield>
    <subfield code="7">0</subfield>
    <subfield code="a">WIUC-1</subfield>
    <subfield code="b">WIUC-1</subfield>
    <subfield code="c">GEN</subfield>
    <subfield code="d">2011-10-04</subfield>
    <subfield code="l">0</subfield>
    <subfield code="o">DT1975.V35</subfield>
    <subfield code="p">386/11</subfield>
    <subfield code="r">2011-10-04 00:00:00</subfield>
    <subfield code="t">1</subfield>
    <subfield code="w">2011-10-04</subfield>
    <subfield code="y">BK</subfield>
  </datafield>
  <datafield tag="952" ind1=" " ind2=" ">
    <subfield code="0">0</subfield>
    <subfield code="1">0</subfield>
    <subfield code="2">lcc</subfield>
    <subfield code="4">0</subfield>
    <subfield code="7">0</subfield>
    <subfield code="a">WIUC-1</subfield>
    <subfield code="b">WIUC-1</subfield>
    <subfield code="c">GEN</subfield>
    <subfield code="d">2011-10-04</subfield>
    <subfield code="l">0</subfield>
    <subfield code="o">DT1975.V351</subfield>
    <subfield code="p">387/11</subfield>
    <subfield code="r">2011-10-04 00:00:00</subfield>
    <subfield code="t">2</subfield>
    <subfield code="w">2011-10-04</subfield>
    <subfield code="y">BK</subfield>
  </datafield>
  <datafield tag="952" ind1=" " ind2=" ">
    <subfield code="0">0</subfield>
    <subfield code="1">0</subfield>
    <subfield code="2">lcc</subfield>
    <subfield code="4">0</subfield>
    <subfield code="7">0</subfield>
    <subfield code="a">WIUC-1</subfield>
    <subfield code="b">WIUC-1</subfield>
    <subfield code="c">GEN</subfield>
    <subfield code="d">2011-10-04</subfield>
    <subfield code="l">0</subfield>
    <subfield code="o">DT1975.V352</subfield>
    <subfield code="p">388/11</subfield>
    <subfield code="r">2011-10-04 00:00:00</subfield>
    <subfield code="t">3</subfield>
    <subfield code="w">2011-10-04</subfield>
    <subfield code="y">BK</subfield>
  </datafield>
  <datafield tag="952" ind1=" " ind2=" ">
    <subfield code="0">0</subfield>
    <subfield code="1">0</subfield>
    <subfield code="2">lcc</subfield>
    <subfield code="4">0</subfield>
    <subfield code="7">0</subfield>
    <subfield code="a">WIUC-1</subfield>
    <subfield code="b">WIUC-1</subfield>
    <subfield code="c">GEN</subfield>
    <subfield code="d">2011-10-04</subfield>
    <subfield code="l">0</subfield>
    <subfield code="o">DT1975.V353</subfield>
    <subfield code="p">389/11</subfield>
    <subfield code="r">2011-10-04 00:00:00</subfield>
    <subfield code="t">4</subfield>
    <subfield code="w">2011-10-04</subfield>
    <subfield code="y">BK</subfield>
  </datafield>
  <datafield tag="952" ind1=" " ind2=" ">
    <subfield code="0">0</subfield>
    <subfield code="1">0</subfield>
    <subfield code="2">lcc</subfield>
    <subfield code="4">0</subfield>
    <subfield code="7">0</subfield>
    <subfield code="a">WIUC-1</subfield>
    <subfield code="b">WIUC-1</subfield>
    <subfield code="c">GEN</subfield>
    <subfield code="d">2011-10-04</subfield>
    <subfield code="l">0</subfield>
    <subfield code="o">DT1975.V354</subfield>
    <subfield code="p">390/11</subfield>
    <subfield code="r">2011-10-04 00:00:00</subfield>
    <subfield code="t">5</subfield>
    <subfield code="w">2011-10-04</subfield>
    <subfield code="y">BK</subfield>
  </datafield>
  <datafield tag="952" ind1=" " ind2=" ">
    <subfield code="0">0</subfield>
    <subfield code="1">0</subfield>
    <subfield code="2">lcc</subfield>
    <subfield code="4">0</subfield>
    <subfield code="7">0</subfield>
    <subfield code="a">WIUC-1</subfield>
    <subfield code="b">WIUC-1</subfield>
    <subfield code="c">GEN</subfield>
    <subfield code="d">2011-10-04</subfield>
    <subfield code="l">0</subfield>
    <subfield code="o">DT1975.V355</subfield>
    <subfield code="p">391/11</subfield>
    <subfield code="r">2011-10-04 00:00:00</subfield>
    <subfield code="t">6</subfield>
    <subfield code="w">2011-10-04</subfield>
    <subfield code="y">BK</subfield>
  </datafield>
</record>
